| 000 | 00700cam a2200217 4500 | ||
|---|---|---|---|
| 008 | 090401t1998 xxu||||| |||| 00| 0 eng d | ||
| 020 | _a1902375025 | ||
| 035 | _a(Sirsi) u87375 | ||
| 041 | _aeng | ||
| 050 | _a692.8 | ||
| 100 | _aMosey, David | ||
| 245 | _aDesign and build in action. | ||
| 260 |
_aOxford _bChandos Publishing (Oxford) Limited _c1998 |
||
| 300 | _axiv,141p. : ill. ; 28cm. | ||
| 350 | _a59.95 | ||
| 520 | _aA practical explanation of design and build contracting, which looks ways of dealing with particular projects. Includes case studies and illustrations. | ||
| 650 | _aDESIGN AND BUILD CONTRACTS | ||
| 690 | _aBUILT ENVIRONMENT | ||
| 942 | _n0 | ||
| 948 | _c13/07/1998 | ||
| 999 |
_c97231 _d97231 |
||